INFORME FINAL DE EJERCICIO PROFESIONAL SUPERVISADO, DISEÑO DE PUENTE VEHICULAR PARA EL ECO CENTRO CHICÁN, DISEÑO DE ALCANTARILLADO SANITARIO Y DISEÑO DE PAVIMENTO RÍGIDO PARA LA COLONIA RIBERAS DEL RÍO DEL MUNICIPIO DE TACTIC, DEL DEPARTAMENTO DE ALTA VERAPAZ./ (Registro nro. 2064)

Detalles MARC
000 -LEADER
campo de control de longitud fija 03162nam a22003377a 4500
001 - NÚMERO DE CONTROL
campo de control TIC 0025
003 - IDENTIFICADOR DE NÚMERO DE CONTROL
campo de control gtcocun
005 - FECHA Y HORA DE LA ÚLTIMA TRANSACCIÓN
campo de control 20250922200010.0
006 - CÓDIGOS DE INFORMACIÓN DE LONGITUD FIJA--CARACTERÍSTICAS DEL MATERIAL ADICIONAL
campo de control de longitud fija a||||gr|||| 00| 0
007 - CAMPO FIJO DE DESCRIPCIÓN FÍSICA--INFORMACIÓN GENERAL
campo de control de longitud fija ta
008 - DATOS DE LONGITUD FIJA--INFORMACIÓN GENERAL
campo de control de longitud fija 250922b2023 gt ||||| m||| 00| 0 eng d
040 ## - FUENTE DE CATALOGACIÓN
Centro catalogador/agencia de origen gtcocun
Lengua de catalogación SPA
Centro/agencia transcriptor gtcocun
Normas de descripción RDA
041 ## - CÓDIGO DE IDIOMA
Código de lengua del texto/banda sonora o título independiente SPA TIC 0025
084 ## - OTRO NÚMERO DE CLASIFICACIÓN
Número de control del registro de autoridad o número normalizado TIC 0025
100 ## - ENTRADA PRINCIPAL--NOMBRE DE PERSONA
Nombre de persona Mazariegos Cú, Josué Emanuel
Término indicativo de función/relación Autor
245 ## - MENCIÓN DEL TÍTULO
Título INFORME FINAL DE EJERCICIO PROFESIONAL SUPERVISADO, DISEÑO DE PUENTE VEHICULAR PARA EL ECO CENTRO CHICÁN, DISEÑO DE ALCANTARILLADO SANITARIO Y DISEÑO DE PAVIMENTO RÍGIDO PARA LA COLONIA RIBERAS DEL RÍO DEL MUNICIPIO DE TACTIC, DEL DEPARTAMENTO DE ALTA VERAPAZ./
Mención de responsabilidad, etc. Josué Emanuel Mazariegos Cú.
Medio Impreso
264 ## - PRODUCCIÓN, PUBLICACIÓN, DISTRIBUCIÓN, FABRICACIÓN Y COPYRIGHT
Producción, publicación, distribución, fabricación y copyright Cobán, Alta Verapaz:
Nombre del de productor, editor, distribuidor, fabricante Universidad de San Carlos de Guatemala, Centro Universitario del Norte, Ingeniería Civil
Fecha de producción, publicación, distribución, fabricación o copyright 2023
300 ## - DESCRIPCIÓN FÍSICA
Extensión 137 p.:
Otras características físicas Ilustraciones, gráficas.
Dimensiones 28 cm;
300 ## - DESCRIPCIÓN FÍSICA
Dimensiones PDF
336 ## - TIPO DE CONTENIDO
Fuente rdacontenido
Término de tipo de contenido Texto
Código de tipo de contenido txt
337 ## - TIPO DE MEDIO
Fuente rdamedio
Nombre/término del tipo de medio Computadora
Código del tipo de medio n
338 ## - TIPO DE SOPORTE
Fuente rdasoporte
Nombre/término del tipo de soporte Código en línea
Código del tipo de soporte cr
502 ## - NOTA DE TESIS
identificador de la tesis TIC 0025
502 ## - NOTA DE TESIS
Nota de tesis Tesis de grado
Tipo de título Ingeniería Civil,
Nombre de la institución que otorga el título Universidad de San Carlos de Guatemala, Centro Universitario del Norte, Ingeniería Civil
Año de obtención del título 2023
Identificador de la tesis TIC 0025
520 14 - RESUMEN, ETC.
Sumario, etc. El Municipio de la Villa de Tactic del departamento de Alta Verapaz, se ha caracterizado por ser un municipio en el cual las actividades comerciales son primordialmente la agricultura y la ganadería, que han proporcionado fuentes de ingreso económico de la población, ya que su ubicación geográfica conecta con el Polochic, ha beneficiado para que<br/>los pueblos vecinos se acerquen a realizar las diversas actividades comerciales; así mismo una de las potencias económicas es el turismo por los eco centros Chamché, Chicán y Santuario Chiixim; y debido a estos hechos la municipalidad se ha visto en la necesidad de invertir en la infraestructura del acceso a sus lugares turísticos y mejorar la calidad de vida<br/>de los vecinos de Tactic, y ha tomado como prioridad la construcción de un nuevo puente vehicular para el Eco Centro Chicán y la Construcción de un alcantarillado sanitario y pavimento rígido para la Colonia Riberas del Río.<br/><br/>Actualmente el acceso para el Eco Centro Chicán están en malas condiciones, se debe pasar por un puente que está construido de concreto y madera, con un ancho de 2.80 metros de ancho sin banqueta; lo cual provoca un riesgo para las personas que transitan en este lugar.<br/>Así mismo En la colonia Riberas del Río no cuenta con un sistema de Alcantarillado<br/>Sanitario y así mismo no cuenta con un pavimento rígido; al no contar con dicho sistema produce una alta tasa de morbilidad y la cantidad de polvo afecta a las personas con enfermedades respiratorias.
650 14 - PUNTO DE ACCESO ADICIONAL DE MATERIA--TÉRMINO DE MATERIA
Fuente del encabezamiento o término LEMB
Término de materia o nombre geográfico como elemento de entrada Tactic, Alta Verapaz.
Subdivisión general Ingeniería
-- Chicán
-- Concreto
-- Alcantarillado
-- Desarrollo
-- Diseño
700 ## - ENTRADA AGREGADA--NOMBRE PERSONAL
Nombre de persona Ing. Civil Sindry Yaneth Pacay Morales
Término indicativo de función/relación Asesor
856 ## - LOCALIZACIÓN Y ACCESO ELECTRÓNICOS
Identificador Uniforme de Recurso <a href="https://drive.google.com/file/d/1qJXBAryFEU-Ji8SZFeyys3hXRBTP9eSr/view">https://drive.google.com/file/d/1qJXBAryFEU-Ji8SZFeyys3hXRBTP9eSr/view</a>
Texto de enlace PDF
Nota pública Un ejemplar en línea.
942 ## - ELEMENTOS DE ENTRADA SECUNDARIOS (KOHA)
Fuente de la clasificación o esquema de estantería Clasificación Decimal Dewey
Tipo de ítem Koha TESIS
Parte de la signatura que identifica el ejemplar (Parte del ítem) TIC 0025
Prefijo de la signatura Clasificación
Suprimir en OPAC No
-- TIC_0025_000000000000000
Existencias
Estatus retirado Estado de pérdida Fuente de la clasificación o esquema de estantería Estado de daño No para préstamo Colección Biblioteca de origen Biblioteca actual Ubicación en estantería Fecha de adquisición Número de inventario Total de préstamos Signatura topográfica completa Código de barras Visto por última vez Precio de reemplazo Tipo de ítem Koha
    Clasificación Decimal Dewey     tesis BIBLIOTECA- CUNOR -JOSÉ LUIS GONZALES ROSALES BIBLIOTECA- CUNOR -JOSÉ LUIS GONZALES ROSALES Colección tesis 16/09/2025 TIC 0025   TIC 0025 TIC 0025 16/09/2025 16/09/2025 TESIS